| 000 | 00617nam a22002177a 4500 | ||
|---|---|---|---|
| 001 | BD-DhSAU 7726 | ||
| 003 | BD-DhSAU | ||
| 005 | 20150528121424.0 | ||
| 008 | 150528b1978 nyua||||r|||| 001 0 eng d | ||
| 040 | _aBD-DhSAU | ||
| 082 |
_222 _a630.715 _bMOI |
||
| 100 | _aMosher, A. T. | ||
| 245 |
_aAn introduction to agricultural extension / _cA. T. Mosher |
||
| 260 |
_aNew York : _bAgricultural Development Council, _cc1978. |
||
| 300 |
_a114 p. : _bill. ; _c22 cm. |
||
| 590 | _ajoy | ||
| 650 | _aExtension. | ||
| 650 | _aAgricultural extension work. | ||
| 650 |
_aAgriculture _xVulgarisation. |
||
| 942 |
_2ddc _cBOOK |
||
| 999 |
_c7726 _d7726 |
||